[Event "SWE-ch"]
[Site "Borlange"]
[Date "2014.07.13"]
[Round "2"]
[White "Hector, Jonny"]
[Black "Andersson, Tommy"]
[Result "1-0"]
[WhiteElo "2483"]
[BlackElo "2336"]
[PlyCount "125"]
[EventDate "2014.07.12"]
[EventType "tourn"]
[EventRounds "9"]
[EventCountry "SWE"]
[EventCategory "10"]
[SourceTitle "CBM 161 Extra"]
[Source "ChessBase"]
[SourceDate "2014.08.29"]
[SourceVersion "1"]
[SourceVersionDate "2014.08.29"]
[SourceQuality "1"]

1. e4 c5 2. Nc3 d6 3. Nf3 Nf6 4. d4 cxd4 5. Nxd4 a6 6. Rg1 e6 7. g4 d5 8. exd5
Nxd5 9. Nxd5 Qxd5 10. Bg2 Qa5+ 11. c3 Be7 12. Be3 O-O 13. Qc2 Nd7 14. g5 Ne5
15. Be4 g6 16. Qe2 Qc7 17. O-O-O Bd7 18. f4 Nc4 19. Nc6 Bxc6 20. Qxc4 Bd6 21.
Bxc6 bxc6 22. Rg2 Rfd8 23. Rgd2 a5 24. a4 e5 25. fxe5 Bxe5 26. Rxd8+ Rxd8 27.
Rxd8+ Qxd8 28. Qxc6 Bxh2 29. Kc2 Be5 30. Qc5 f6 31. Qc4+ Kg7 32. Qe6 Qc7 33.
Bb6 Qb7 34. gxf6+ Bxf6 35. Bxa5 h5 36. Bb4 Qf3 37. a5 h4 38. Be7 Qf2+ 39. Kb3
Bxe7 40. Qxe7+ Kh6 41. Qd8 Qf7+ 42. Ka3 Qc4 43. Qb6 Qe4 44. a6 h3 45. Qb8 Qe7+
46. b4 Qf6 47. Kb3 Qxa6 48. Qh8+ Kg5 49. Qxh3 Qe2 50. Qd7 Qe4 51. Qd2+ Kh5 52.
Qd1+ Kh6 53. b5 g5 54. Qd4 Qb1+ 55. Kc4 Qf1+ 56. Kc5 Qf5+ 57. Qd5 Qf2+ 58. Kc6
Qe3 59. c4 g4 60. b6 Qe8+ 61. Kc7 Qe7+ 62. Qd7 Qe2 63. b7 1-0

[Event "SWE-ch"]
[Site "Borlange"]
[Date "2014.07.13"]
[Round "2"]
[White "Carlsson, Pontus"]
[Black "Semcesen, Daniel"]
[Result "0-1"]
[WhiteElo "2485"]
[BlackElo "2471"]
[Annotator "Ziegler,A"]
[PlyCount "118"]
[EventDate "2014.07.12"]
[EventType "tourn"]
[EventRounds "9"]
[EventCountry "SWE"]
[EventCategory "10"]
[SourceTitle "CBM 161 Extra"]
[Source "ChessBase"]
[SourceDate "2014.08.29"]
[SourceVersion "1"]
[SourceVersionDate "2014.08.29"]
[SourceQuality "1"]
[WhiteClock "0:13:05"]
[BlackClock "0:27:50"]

1. e4 Nf6 2. e5 Nd5 3. d4 d6 4. c4 Nb6 5. exd6 exd6 6. Bd3 Be7 7. Ne2 Nc6 8.
O-O Nb4 9. Nbc3 Nxd3 10. Qxd3 O-O 11. b3 Re8 12. d5 Nd7 13. Ng3 Bf6 14. Bb2 Nc5
15. Qd2 a5 {[#]Pontus was devastated aftter his loss, claiming that White had
several good options here.} 16. Rae1 Bd7 17. Nh5 Be5 18. f4 Qh4 19. fxe5 Qxh5
20. Ne2 (20. e6 {Pontus wanted e6 to work, but did not find anything clear.}
fxe6 21. dxe6 Bxe6 (21... Nxe6 22. Nd5 Rf8 $1) 22. Nb5 Re7 23. Qd4) 20... b6
21. Ng3 Qg6 22. Rf3 dxe5 23. Bxe5 c6 {Pontus had used all his time up to this
point. Normally he plays very accurate with little time on the clock, this
time however, perhaps due to the fact that he was called one week before the
tournament begun to replace Slavko Cicak, the quality of play was below his
high standards.} 24. Rfe3 cxd5 25. cxd5 Rac8 26. Bd4 Rxe3 27. Rxe3 h5 28. Bxc5
$6 Rxc5 $11 29. Ne4 Rc8 30. Nc3 b5 31. d6 Rc6 32. Nd5 $2 Qxd6 33. h3 Be6 34.
Rd3 Bxd5 35. Rxd5 Rc1+ 36. Qxc1 Qxd5 37. Qf4 g6 38. Kh2 Kg7 39. h4 b4 40. Qc7 (
40. Qf2 {just protecting everything, was more stubborn.}) 40... Qd4 41. Qxa5
Qxh4+ 42. Kg1 Qe1+ 43. Kh2 h4 44. Qc7 {allowing a winning pawn ending.} Qg3+
45. Qxg3 hxg3+ 46. Kxg3 f5 47. Kf4 Kf6 48. g4 g5+ 49. Kf3 fxg4+ 50. Kxg4 Kg6
51. Kg3 Kf5 52. Kf3 g4+ 53. Kg3 Kg5 54. Kg2 Kf4 55. Kf2 g3+ 56. Kg2 Kg4 57. Kg1
Kf3 58. Kf1 g2+ 59. Kg1 Kg3 0-1

[Event "SWE-ch"]
[Site "Borlange"]
[Date "2014.07.13"]
[Round "2"]
[White "Hillarp Persson, Tiger"]
[Black "Wiedenkeller, Michael"]
[Result "1-0"]
[WhiteElo "2564"]
[BlackElo "2479"]
[PlyCount "55"]
[EventDate "2014.07.12"]
[EventType "tourn"]
[EventRounds "9"]
[EventCountry "SWE"]
[EventCategory "10"]
[SourceTitle "CBM 161 Extra"]
[Source "ChessBase"]
[SourceDate "2014.08.29"]
[SourceVersion "1"]
[SourceVersionDate "2014.08.29"]
[SourceQuality "1"]

1. c4 c5 2. g3 Nc6 3. Bg2 g6 4. Nc3 Bg7 5. Nf3 e6 6. h4 d5 7. h5 Nge7 8. Qa4
Bd7 9. cxd5 Nxd5 10. Qc4 Nxc3 11. bxc3 Rc8 12. Rb1 b6 13. Kf1 Ne5 14. Nxe5 Bxe5
15. hxg6 hxg6 16. Rxh8+ Bxh8 17. a4 Be5 18. Kg1 Bc6 19. Bxc6+ Rxc6 20. d4 Bd6
21. d5 exd5 22. Qxd5 Rc7 23. Bg5 Be7 24. Qe5 Qd7 25. Qh8+ Bf8 26. Bh6 Qe7 27.
Rd1 Rc8 28. Rd3 1-0

[Event "SWE-ch"]
[Site "Borlange"]
[Date "2014.07.12"]
[Round "1"]
[White "Grandelius, Nils"]
[Black "Berg, Emanuel"]
[Result "0-1"]
[WhiteElo "2588"]
[BlackElo "2557"]
[Annotator "Ziegler,A"]
[PlyCount "56"]
[EventDate "2014.07.12"]
[EventType "tourn"]
[EventRounds "9"]
[EventCountry "SWE"]
[EventCategory "10"]
[SourceTitle "CBM 161 Extra"]
[Source "ChessBase"]
[SourceDate "2014.08.29"]
[SourceVersion "1"]
[SourceVersionDate "2014.08.29"]
[SourceQuality "1"]

1. Nf3 f5 2. d3 Nc6 3. d4 {A wonderful move, revealing that White is a thinker.
However, I fear that the value of the move is of a practical nature.} e6 4. g3
Nf6 5. Bg2 d6 {Transferring the game to Classical Dutch, with a tempi more for
Black. But what is that tempi worth here?} (5... d5 $1 {With a sort of
neo-stonewall is very safe for Black!}) 6. O-O Be7 7. c4 e5 $6 (7... O-O {
followed by Qe8-Dh5 is better.}) 8. d5 Nb8 9. Nc3 O-O 10. Ng5 Na6 11. Rb1 h6
12. Ne6 Bxe6 13. dxe6 c6 14. b4 {Too slow.} (14. Bh3 $1 $16 {Black is weak on
the White squares.}) 14... Qc8 15. e4 Qxe6 {[#]White does have the pair of
bishops, but it's not enough for a full compensation.} 16. Qd3 fxe4 17. Nxe4
Nc7 18. Nxf6+ Bxf6 19. Rd1 Rfd8 ({Why not} 19... Rad8 $2) 20. Be3 d5 21. cxd5
Nxd5 (21... cxd5 22. Rbc1) 22. Qb3 {The position have a Bayonet kind of
structure where White's powerful bishops gives Black great practical
difficulties.} e4 $6 {Gives white a target!} 23. Re1 Bc3 24. Rec1 $2 {From
this point Nils plays mysteriously weak. Perhaps some sort of fattigue?} (24.
Red1 Bf6 25. Re1 $11) 24... Bxb4 25. a3 Ba5 26. Qxb7 Nxe3 27. fxe3 Bb6 28. Qxc6
$4 Rd1+ 0-1

[Event "SWE-ch"]
[Site "Borlange"]
[Date "2014.07.12"]
[Round "1"]
[White "Wiedenkeller, Michael"]
[Black "Blomqvist, Erik"]
[Result "0-1"]
[WhiteElo "2479"]
[BlackElo "2496"]
[Annotator "CB"]
[PlyCount "82"]
[EventDate "2014.07.12"]
[EventType "tourn"]
[EventRounds "9"]
[EventCountry "SWE"]
[EventCategory "10"]
[SourceTitle "CBM 161 Extra"]
[Source "ChessBase"]
[SourceDate "2014.08.29"]
[SourceVersion "1"]
[SourceVersionDate "2014.08.29"]
[SourceQuality "1"]

1. c4 c6 2. g3 d5 3. Nf3 Nf6 4. Bg2 dxc4 5. O-O Nbd7 6. Na3 Nb6 7. Qc2 Be6 $6 {
Claiming that White pawn sacrifice is not correct. This move can be played
according to chess computers, but sincerely what is Black's hope of own play
here?} 8. Ng5 $1 {A concrete approach.} ({Simple development is also perfectly
fine.} 8. b3 $1 cxb3 9. axb3 g6 10. Bb2 Bg7 11. Nc4 O-O 12. Na5 Qc7 13. e4 Rad8
14. d4 {with compensation.}) 8... Bg4 9. Nxc4 Bxe2 10. Ne5 Bh5 11. Re1 $1 {
[#] Another excellent move. White is going directly to the throat. What is
happening here? Black has a knight on b6, which Capablanca never liked. He has
moved his bishop four times. For this white has sacrificed one pawn. In a
position like this Black must search for unexpected tactics for White and be
sure his next move don't lose on he spot.} e6 $2 {White of course knows that
f7 is weak, so why did he not find Bf3? Well, my speculation is that he normal
tendency is to calculate forced lines, but in order to crack a gm you need o
include non-forcing moves in your search.} (11... h6 {This have been played by
Potkin.} 12. Ne4 e6 {And now it is surprisingly difficult for white to prove
an advantage.} 13. Nxf6+ (13. a4) (13. d4 Nxe4 14. Rxe4 Bd6) 13... gxf6 14.
Bxc6+ bxc6 15. Qxc6+ Ke7 16. Qb7+ $11) (11... Nbd7 {A move played amongst
others, Gajewski.} 12. d4 e6 13. Bf3 $1 Nxe5 14. Bxh5 Ng6 15. Rxe6+ Be7 16.
Bxg6 hxg6 17. Re2 $14) 12. b3 $2 {This move postpone the hard work of hard
calculation and in his case the chance doesn't return.} (12. Bf3 $1 {wins.} Bg6
13. Bxc6+ bxc6 14. Qxc6+ Nfd7 (14... Nbd7 15. Nxg6 hxg6 16. Nxf7 Kxf7 17. Qxe6#
) 15. Nexf7 Bxf7 16. Nxf7 {Grandelius-Perunovic 2011.} Kxf7 17. Qxe6#) 12...
Be7 13. Bb2 Nbd7 14. d4 Nxe5 15. dxe5 Nd5 {[#]Black's position is solid now.
With 2 knights on board they were both fighting for the d5-square.} 16. Ne4 Nb4
17. Qc3 Qd3 18. Nd6+ Bxd6 19. exd6 Qxc3 20. Bxc3 Nc2 21. Bxg7 $2 {The final
mistake.} ({Perhaps both players missed:} 21. Re5 Nxa1 22. Rxh5 Nc2 23. Be4 Na3
24. Bxg7 Rg8 25. Bb2 Nb5 26. Bxh7 Rf8 27. Bg7 Nxd6 28. Bxf8 Kxf8 29. Bd3 {
Gives White a position with some slight hopes.}) 21... Rg8 22. Bf6 Nxa1 23.
Rxa1 Kd7 {The rest is as they say a matter of technique...} 24. Be7 a5 25. Rc1
a4 26. b4 a3 27. b5 Rgc8 28. Rb1 Ra7 29. bxc6+ bxc6 30. Kf1 Bg6 31. Rb4 c5 32.
Rb6 c4 33. Ke1 Bc2 34. Bb7 Rc5 35. Ba6 Ba4 36. Rb8 Re5+ 37. Kf1 Rxa6 38. Rb7+
Kc8 39. Rc7+ Kb8 40. d7 Bxd7 41. Rxd7 Rd5 0-1

[Event "SWE-ch"]
[Site "Borlange"]
[Date "2014.07.12"]
[Round "1"]
[White "Hector, Jonny"]
[Black "Cramling, Pia"]
[Result "1/2-1/2"]
[WhiteElo "2483"]
[BlackElo "2491"]
[PlyCount "90"]
[EventDate "2014.07.12"]
[EventType "tourn"]
[EventRounds "9"]
[EventCountry "SWE"]
[EventCategory "10"]
[SourceTitle "CBM 161 Extra"]
[Source "ChessBase"]
[SourceDate "2014.08.29"]
[SourceVersion "1"]
[SourceVersionDate "2014.08.29"]
[SourceQuality "1"]

1. d4 Nf6 2. Nc3 d5 3. Bf4 a6 4. e3 e6 5. Nf3 c5 6. Bd3 Nbd7 7. O-O Be7 8. h3
O-O 9. Ne5 Nxe5 10. dxe5 Nd7 11. e4 d4 12. Ne2 Qc7 13. Ng3 Nxe5 14. Bxe5 Qxe5
15. f4 Qc7 16. e5 g6 17. Qg4 Bd7 18. h4 c4 19. Be4 Bc6 20. h5 Bxe4 21. Nxe4
Rad8 22. Rf3 Qc6 23. Nf2 d3 24. cxd3 Qb6 25. dxc4 Rd2 26. Rf1 Bc5 27. Qh4 Rxb2
28. Kh2 Bxf2 29. R1xf2 Rxf2 30. Rxf2 Qd8 31. Qxd8 Rxd8 32. hxg6 hxg6 33. Kg3
Rd4 34. Rc2 Rd3+ 35. Kg4 Kg7 36. Rb2 Rc3 37. Rxb7 Rxc4 38. Rb2 Rc3 39. g3 Re3
40. Rb6 Ra3 41. Rb2 a5 42. Rc2 Re3 43. Rc5 Ra3 44. Rc2 Rd3 45. Rc5 Ra3 1/2-1/2